Statystyki dla Trasa Warszawskiej linii autobusowej 116

Kliknij tutaj aby rozwiązać quiz!

Ogólne statystyki

  • Ten quiz został rozwiązany 12 razy
  • Średni wynik to 21 z 47

Statystyki odpowiedzi

DzielnicaPrzystanek% Poprawnych
BielanyMetro Słodowiec
89%
ŻoliborzPark Kaskada
78%
BielanyChomiczówka
67%
BielanyChomiczówka
67%
ŻoliborzPlac Wilsona
67%
ŻoliborzPlac Wilsona
67%
BielanyAndersena
56%
BielanyBielany-Ratusz
56%
ŚródmieścieFoksal
56%
ŻoliborzGenerała Zajączka
56%
ŻoliborzMetro Marymont
56%
BielanyPerzyńskiego
56%
ŚródmieściePlac Zamkowy
56%
BielanyPrzybyszewskiego
56%
ŻoliborzTeatr Komedia
56%
BielanyAspekt
44%
BielanyBogusławskiego
44%
BielanyCmentarz Wawrzyszewski
44%
MokotówDolna
44%
ŚródmieścieDworzec Gdański
44%
ŚródmieścieFranciszkańska
44%
ŚródmieścieKapitulna
44%
BielanyKwitnąca
44%
ŚródmieścieŁazienki Królewskie
44%
ŚródmieścieMuranowska
44%
ŚródmieścieOrdynacka
44%
ŻoliborzPlac Inwalidów
44%
ŚródmieściePlac Krasińskich
44%
ŚródmieściePlac Na Rozdrożu
44%
WilanówWilanów
44%
WilanówWilanów
44%
ŚródmieścieHotel Bristol
33%
MokotówMangalia
33%
ŚródmieściePiękna
33%
ŚródmieściePlac Trzech Krzyży
33%
Mokotów / WilanówSobieskiego
33%
Śródmieście / MokotówSpacerowa
33%
MokotówTor Stegny
33%
MokotówTor Stegny
33%
ŚródmieścieUniwersytet
33%
MokotówKostrzewskiego
22%
WilanówKrólowej Marysienki
22%
MokotówTruskawiecka
22%
MokotówCzarnomorska
11%
MokotówInstytut Neurologii
11%
MokotówNałęczowska
11%
MokotówŚwiętego Bonifacego
11%

Rozkład punktacji

Percentyl według liczby udzielonych odpowiedzi

Procent ludzi z każdym wynikiem

Twoja historia wyników

Nie rozwiązałeś tego quizu